Épített örökségünk védelme
Elmentve itt :
| Szerző: | |
|---|---|
| Adatforrás: | Meister |
| Forrásdokumentuma: | Művelődés. - 3 sz., 1997, 23-25 p. |
| Nyelv: | magyar |
| Kulcsszavak: | intézménytörténet alapítványok (romániai magyar) Transilvania Trust Alapítvány (TTA) |
| LEADER | 00440nab a2200145 i 4500 | ||
|---|---|---|---|
| 001 | bibPRO00001323 | ||
| 008 | 060524s1997 xx hun | ||
| 040 | |a Sz1 | ||
| 041 | |a hun | ||
| 100 | 1 | |a MAKAY Dorottya | |
| 245 | 1 | 0 | |a Épített örökségünk védelme |c MAKAY Dorottya |
| 695 | |a intézménytörténet | ||
| 695 | |a alapítványok (romániai magyar) | ||
| 695 | |a Transilvania Trust Alapítvány (TTA) | ||
| 773 | 0 | |t Művelődés. - |g 3 sz., 1997, 23-25 p. | |